| 000 | 00566nam a22002057a 4500 | ||
|---|---|---|---|
| 003 | OSt | ||
| 005 | 20160616191536.0 | ||
| 008 | 160616b xxu||||| |||| 00| 0 eng d | ||
| 020 | _a0748780742 | ||
| 040 | _cDNLM | ||
| 082 | _aWA145 R911a 2005 | ||
| 100 |
_aRussell, Julia _99465 |
||
| 245 | _aIntroduction to Psychology for Health Carers | ||
| 260 | _aUK; Nelson Thrornes, 2005 | ||
| 300 | _ax,257p; col.ill: 24cm | ||
| 504 | _aReferences,answers, & index included | ||
| 650 |
_aPublic health _92243 |
||
| 650 |
_aHealth psychology _98882 |
||
| 942 |
_2z _cO_SHELF |
||
| 999 |
_c4399 _d4399 |
||